000
00321nam a22001457a 4500
003
SGT
020
_a
978-93-80316-31-4
082
_a
612.015
_b
RAJ
100
_a
RAJAGOPAL, G.
245
_a
PRACTICAL BIOCHEMISTRY
260
_a
INDIA
_b
AHUJA PUB.
_c
2017
300
_a
284
650
_a
BIOCHEMISTRY
942
_2
ddc
_c
BK
999
_c
32421
_d
32421